[Event "BPB Limburg Open - Group A"]
[Site "chess24.com"]
[Date "2016.05.16"]
[Round "7"]
[White "Schroeder, Jan-Christian"]
[Black "Gharamian, Tigran"]
[Result "0-1"]
[Board "4"]
[WhiteTitle "GM"]
[WhiteElo "2508"]
[WhiteCountry "GER"]
[WhiteFideId "24662259"]
[WhiteEloChange "-3"]
[BlackTitle "GM"]
[BlackElo "2627"]
[BlackCountry "FRA"]
[BlackFideId "13301527"]
[BlackEloChange "3"]

1. e4 {[%clk 1:55:36]} c6 {[%clk 2:00:21]} 2. d4 {[%clk 1:55:46]} d5 {[%clk
2:00:32]} 3. e5 {[%clk 1:55:58]} Bf5 {[%clk 2:00:35]} 4. Nf3 {[%clk 1:56:09]} e6
{[%clk 2:00:42]} 5. Be2 {[%clk 1:56:21]} Ne7 {[%clk 2:00:08]} 6. O-O {[%clk
1:55:08]} c5 {[%clk 1:59:51]} 7. Be3 {[%clk 1:50:35]} Nec6 {[%clk 1:58:47]} 8.
Nbd2 {[%clk 1:34:49]} cxd4 {[%clk 1:41:20]} 9. Nxd4 {[%clk 1:33:21]} Nxd4 {[%clk
1:39:38]} 10. Bxd4 {[%clk 1:33:31]} Nc6 {[%clk 1:39:48]} 11. Nb3 {[%clk 1:31:04]}
Be7 {[%clk 1:37:35]} 12. c3 {[%clk 1:27:44]} O-O {[%clk 1:36:42]} 13. Qd2 {[%clk
1:21:31]} Bg6 {[%clk 1:27:38]} 14. a4 {[%clk 1:14:58]} Rc8 {[%clk 1:08:45]} 15.
Rfe1 {[%clk 0:59:44]} a6 {[%clk 0:58:22]} 16. a5 {[%clk 0:58:50]} Nxd4 {[%clk
0:56:06]} 17. Nxd4 {[%clk 0:59:01]} Bc5 {[%clk 0:55:50]} 18. Bf3 {[%clk 0:49:20]}
Re8 {[%clk 0:51:38]} 19. Qf4 {[%clk 0:45:46]} Be7 {[%clk 0:48:38]} 20. Qd2 {[%clk
0:43:08]} h6 {[%clk 0:44:23]} 21. g3 {[%clk 0:42:37]} Bc5 {[%clk 0:39:15]} 22. h4
{[%clk 0:40:59]} Re7 {[%clk 0:37:44]} 23. h5 {[%clk 0:39:45]} Bh7 {[%clk
0:37:23]} 24. Nb3 {[%clk 0:39:19]} Rec7 {[%clk 0:34:16]} 25. Ra4 {[%clk 0:39:06]}
Be7 {[%clk 0:33:58]} 26. Be2 {[%clk 0:38:28]} Qe8 {[%clk 0:29:50]} 27. Rd4 {[%clk
0:36:27]} Rc6 {[%clk 0:28:56]} 28. Bg4 {[%clk 0:28:27]} Rb8 {[%clk 0:26:33]} 29.
Ra1 {[%clk 0:26:22]} b5 {[%clk 0:23:00]} 30. Bf3 {[%clk 0:23:24]} Rbc8 {[%clk
0:21:17]} 31. Qe2 {[%clk 0:18:14]} Qf8 {[%clk 0:15:46]} 32. Rc1 {[%clk 0:17:42]}
Rc4 {[%clk 0:10:08]} 33. Qd1 {[%clk 0:14:33]} Bg5 {[%clk 0:07:06]} 34. Ra1 {[%clk
0:14:03]} R4c6 {[%clk 0:06:46]} 35. Be2 {[%clk 0:10:31]} Be7 {[%clk 0:06:00]} 36.
Rf4 {[%clk 0:09:40]} Bg5 {[%clk 0:05:35]} 37. Rb4 {[%clk 0:09:50]} Bc2 {[%clk
0:03:57]} 38. Qf1 {[%clk 0:06:42]} Bxb3 {[%clk 0:03:52]} 39. Rxb3 {[%clk
0:06:53]} Be7 {[%clk 0:04:01]} 40. Bd3 {[%clk 0:06:25]} Bc5 {[%clk 0:03:39]} 41.
Qe2 {[%clk 0:05:16]} f5 {[%clk 0:02:58]} 42. Kg2 {[%clk 0:04:31]} Qe7 {[%clk
0:01:10]} 43. f4 {[%clk 0:04:17]} Rf8 {[%clk 0:00:52]} 44. Qf3 {[%clk 0:04:04]}
Rc7 {[%clk 0:00:52]} 45. Rh1 {[%clk 0:03:48]} Qf7 {[%clk 0:00:33]} 46. Be2 {[%clk
0:03:39]} Rd7 {[%clk 0:00:29]} 47. Rd1 {[%clk 0:03:33]} Kh8 {[%clk 0:00:25]} 48.
Bd3 {[%clk 0:03:08]} Re7 {[%clk 0:00:38]} 49. Rh1 {[%clk 0:03:18]} Rc7 {[%clk
0:00:38]} 50. Rf1 {[%clk 0:03:18]} g5 {[%clk 0:00:32]} 51. hxg6 {[%clk 0:03:30]}
Qxg6 {[%clk 0:00:45]} 52. Rh1 {[%clk 0:03:24]} Rg7 {[%clk 0:00:56]} 53. Rh3
{[%clk 0:03:22]} Rfg8 {[%clk 0:00:54]} 54. Be2 {[%clk 0:03:21]} Qh7 {[%clk
0:00:59]} 55. Qd3 {[%clk 0:03:03]} Rf8 {[%clk 0:00:28]} 56. Bh5 {[%clk 0:02:59]}
Qg8 {[%clk 0:00:29]} 57. Bf3 {[%clk 0:02:43]} Rh7 {[%clk 0:00:40]} 58. Bh5 {[%clk
0:02:54]} Qg7 {[%clk 0:00:48]} 59. Qd1 {[%clk 0:02:43]} Rg8 {[%clk 0:00:53]} 60.
Qh1 {[%clk 0:02:13]} Qc7 {[%clk 0:00:51]} 61. Be2 {[%clk 0:01:45]} Rg6 {[%clk
0:00:28]} 62. Bh5 {[%clk 0:01:56]} Rg8 {[%clk 0:00:31]} 63. Be2 {[%clk 0:02:07]}
Bf8 {[%clk 0:00:42]} 64. Qa1 {[%clk 0:02:18]} Qc6 {[%clk 0:00:22]} 65. Qd1 {[%clk
0:02:02]} Qc7 {[%clk 0:00:29]} 66. Qa1 {[%clk 0:02:16]} Rg6 {[%clk 0:00:27]} 67.
Bh5 {[%clk 0:02:27]} Rgg7 {[%clk 0:00:40]} 68. Be2 {[%clk 0:02:37]} Rg8 {[%clk
0:00:54]} 69. Bd3 {[%clk 0:02:21]} Qc5 {[%clk 0:00:49]} 70. Qe1 {[%clk 0:02:25]}
Qc7 {[%clk 0:00:42]} 71. Qa1 {[%clk 0:02:39]} Qd8 {[%clk 0:00:22]} 72. Be2 {[%clk
0:02:43]} Rgg7 {[%clk 0:00:33]} 73. Bf3 {[%clk 0:02:45]} Rd7 {[%clk 0:00:38]} 74.
Rh1 {[%clk 0:02:22]} Kg8 {[%clk 0:00:32]} 75. Be2 {[%clk 0:02:21]} Rdg7 {[%clk
0:00:43]} 76. Rh3 {[%clk 0:02:20]} Qc7 {[%clk 0:00:57]} 77. Bd3 {[%clk 0:02:27]}
Be7 {[%clk 0:00:31]} 78. Be2 {[%clk 0:02:38]} Bc5 {[%clk 0:00:40]} 79. Kh2 {[%clk
0:02:13]} Bf8 {[%clk 0:00:39]} 80. Kg2 {[%clk 0:02:24]} Qd8 {[%clk 0:00:45]} 81.
Bf3 {[%clk 0:02:06]} Qc8 {[%clk 0:00:45]} 82. Be2 {[%clk 0:02:17]} Qc7 {[%clk
0:00:50]} 83. Rh1 {[%clk 0:02:16]} Qd8 {[%clk 0:00:21]} 84. Bf3 {[%clk 0:02:22]}
Rd7 {[%clk 0:00:31]} 85. Be2 {[%clk 0:02:16]} Qc7 {[%clk 0:00:42]} 86. Rh3 {[%clk
0:01:51]} Rhg7 {[%clk 0:00:41]} 87. Rh1 {[%clk 0:01:57]} Rg6 {[%clk 0:00:48]} 88.
Bh5 {[%clk 0:02:09]} Rgg7 {[%clk 0:01:02]} 89. Be2 {[%clk 0:02:23]} Qc5 {[%clk
0:00:32]} 90. Qc1 {[%clk 0:02:22]} Qa7 {[%clk 0:00:34]} 91. Rf1 {[%clk 0:01:56]}
Qc7 {[%clk 0:00:39]} 92. Qa1 {[%clk 0:02:09]} Qc6 {[%clk 0:00:37]} 93. Qd1 {[%clk
0:00:52]} Qc7 {[%clk 0:00:27]} 94. Qa1 {[%clk 0:01:05]} Rh7 {[%clk 0:00:30]} 95.
Rh1 {[%clk 0:01:14]} Rdg7 {[%clk 0:00:44]} 96. Rh3 {[%clk 0:01:04]} h5 {[%clk
0:00:38]} 97. Rxh5 {[%clk 0:00:58]} Rxh5 {[%clk 0:00:47]} 98. Bxh5 {[%clk
0:01:10]} Qc4 {[%clk 0:00:55]} 99. Qd1 {[%clk 0:00:52]} Qxf4 {[%clk 0:00:53]}
100. c4 {[%clk 0:00:58]} Qxe5 {[%clk 0:00:28]} 101. cxd5 {[%clk 0:01:08]} Bd6
{[%clk 0:00:25]} 102. Qf3 {[%clk 0:00:50]} Qxd5 {[%clk 0:00:22]} 103. Qxd5 {[%clk
0:00:56]} exd5 {[%clk 0:00:37]} 104. Rd3 {[%clk 0:00:38]} f4 {[%clk 0:00:37]}
105. g4 {[%clk 0:00:40]} Rg5 {[%clk 0:00:51]} 106. Kf3 {[%clk 0:00:51]} Kf8
{[%clk 0:00:51]} 107. Rc3 {[%clk 0:00:36]} Re5 {[%clk 0:00:33]} 108. Rc8+ {[%clk
0:00:37]} Ke7 {[%clk 0:00:32]} 109. Re8+ {[%clk 0:00:31]} Kd7 {[%clk 0:00:26]}
110. Rxe5 {[%clk 0:00:45]} Bxe5 {[%clk 0:00:40]} 111. b3 {[%clk 0:00:59]} Kd6
{[%clk 0:00:31]} 112. Bf7 {[%clk 0:00:52]} Bc3 {[%clk 0:00:38]} 113. Kxf4 {[%clk
0:00:57]} Bxa5 {[%clk 0:00:52]} 114. g5 {[%clk 0:00:54]} Bc3 {[%clk 0:01:01]}
115. g6 {[%clk 0:01:00]} a5 {[%clk 0:00:49]} 116. Ke3 {[%clk 0:01:03]} a4 {[%clk
0:00:48]} 117. bxa4 {[%clk 0:00:59]} bxa4 {[%clk 0:01:02]} 118. Kd3 {[%clk
0:01:12]} Bg7 {[%clk 0:01:12]} 119. Be8 {[%clk 0:01:12]} a3 {[%clk 0:01:24]} 0-1

[Event "BPB Limburg Open - Group A"]
[Site "chess24.com"]
[Date "2016.05.16"]
[Round "7"]
[White "Van Dooren, Dirk"]
[Black "Wirig, Anthony"]
[Result "1/2-1/2"]
[Board "5"]
[WhiteTitle "FM"]
[WhiteElo "2365"]
[WhiteCountry "NED"]
[WhiteFideId "1015761"]
[WhiteEloChange "4"]
[BlackTitle "GM"]
[BlackElo "2494"]
[BlackCountry "FRA"]
[BlackFideId "615013"]
[BlackEloChange "-2"]

1. e4 {[%clk 1:59:01]} c5 {[%clk 2:00:11]} 2. Nf3 {[%clk 1:59:09]} e6 {[%clk
1:58:20]} 3. d4 {[%clk 1:58:31]} cxd4 {[%clk 1:58:28]} 4. Nxd4 {[%clk 1:58:42]}
Nf6 {[%clk 1:57:27]} 5. Nc3 {[%clk 1:58:26]} Nc6 {[%clk 1:57:36]} 6. Ndb5 {[%clk
1:57:34]} Bc5 {[%clk 1:57:18]} 7. Be3 {[%clk 1:48:36]} Bxe3 {[%clk 1:50:57]} 8.
Nd6+ {[%clk 1:48:04]} Ke7 {[%clk 1:49:36]} 9. fxe3 {[%clk 1:48:14]} Qc7 {[%clk
1:44:29]} 10. Nc4 {[%clk 1:25:45]} Ne5 {[%clk 1:35:11]} 11. Nxe5 {[%clk 1:21:03]}
Qxe5 {[%clk 1:35:05]} 12. Qd4 {[%clk 1:21:16]} d6 {[%clk 1:33:54]} 13. Be2 {[%clk
1:13:11]} Bd7 {[%clk 1:32:12]} 14. O-O-O {[%clk 1:13:15]} Bc6 {[%clk 1:30:13]}
15. Bf3 {[%clk 1:13:17]} g5 {[%clk 1:20:52]} 16. g3 {[%clk 1:12:02]} h5 {[%clk
1:20:41]} 17. Rhf1 {[%clk 1:07:35]} g4 {[%clk 1:14:35]} 18. Bg2 {[%clk 1:07:09]}
h4 {[%clk 1:13:39]} 19. Rf4 {[%clk 1:07:02]} Nh5 {[%clk 0:54:13]} 20. Rxg4 {[%clk
1:05:52]} hxg3 {[%clk 0:54:16]} 21. hxg3 {[%clk 1:04:51]} Rag8 {[%clk 0:51:58]}
22. Rxg8 {[%clk 1:04:33]} Rxg8 {[%clk 0:52:12]} 23. Qxa7 {[%clk 1:04:36]} Qc5
{[%clk 0:35:43]} 24. Qxc5 {[%clk 1:03:05]} dxc5 {[%clk 0:35:57]} 25. Bf3 {[%clk
1:01:22]} Nxg3 {[%clk 0:35:47]} 26. Rg1 {[%clk 0:54:24]} b5 {[%clk 0:33:10]} 27.
Kb1 {[%clk 0:52:57]} Rg6 {[%clk 0:32:28]} 28. a3 {[%clk 0:50:41]} Be8 {[%clk
0:24:08]} 29. Ka1 {[%clk 0:39:42]} Kf6 {[%clk 0:20:32]} 30. b4 {[%clk 0:36:10]}
cxb4 {[%clk 0:20:36]} 31. axb4 {[%clk 0:36:22]} Ke5 {[%clk 0:20:34]} 32. Kb2
{[%clk 0:35:27]} Bc6 {[%clk 0:12:11]} 33. Kc1 {[%clk 0:28:23]} Be8 {[%clk
0:08:43]} 34. Rg2 {[%clk 0:26:33]} Nf1 {[%clk 0:08:30]} 35. Rxg6 {[%clk 0:24:11]}
fxg6 {[%clk 0:08:43]} 36. Be2 {[%clk 0:24:11]} Nxe3 {[%clk 0:08:34]} 37. Kd2
{[%clk 0:23:30]} Nc4+ {[%clk 0:04:13]} 38. Bxc4 {[%clk 0:22:49]} bxc4 {[%clk
0:04:27]} 39. Ke3 {[%clk 0:22:58]} Bc6 {[%clk 0:04:35]} 40. b5 {[%clk 0:22:21]}
Bb7 {[%clk 0:04:45]} 41. b6 {[%clk 0:19:34]} g5 {[%clk 0:04:27]} 42. Na4 {[%clk
0:19:42]} Kd6 {[%clk 0:04:33]} 43. Nb2 {[%clk 0:12:34]} Kc5 {[%clk 0:04:12]} 44.
c3 {[%clk 0:12:25]} g4 {[%clk 0:02:48]} 45. Kf4 {[%clk 0:12:04]} g3 {[%clk
0:02:45]} 46. Kxg3 {[%clk 0:12:16]} Bxe4 {[%clk 0:02:55]} 47. Kf4 {[%clk
0:12:27]} Bd5 {[%clk 0:02:59]} 48. Ke5 {[%clk 0:10:52]} Kxb6 {[%clk 0:03:08]} 49.
Nd1 {[%clk 0:11:04]} Kb5 {[%clk 0:02:51]} 50. Ne3 {[%clk 0:11:15]} Kc5 {[%clk
0:02:58]} 51. Ng4 {[%clk 0:10:07]} Bf3 {[%clk 0:03:01]} 1/2-1/2

[Event "BPB Limburg Open - Group A"]
[Site "chess24.com"]
[Date "2016.05.16"]
[Round "7"]
[White "Socko, Bartosz"]
[Black "Chatalbashev, Boris"]
[Result "1-0"]
[Board "6"]
[WhiteTitle "GM"]
[WhiteElo "2600"]
[WhiteCountry "POL"]
[WhiteFideId "1107038"]
[WhiteEloChange "4"]
[BlackTitle "GM"]
[BlackElo "2548"]
[BlackCountry "BUL"]
[BlackFideId "2900440"]
[BlackEloChange "-4"]

1. e4 {[%clk 1:55:38]} d6 {[%clk 2:00:23]} 2. d4 {[%clk 1:55:46]} Nf6 {[%clk
2:00:34]} 3. Nc3 {[%clk 1:55:57]} g6 {[%clk 2:00:44]} 4. h3 {[%clk 1:56:04]} Bg7
{[%clk 2:00:18]} 5. Be3 {[%clk 1:56:10]} O-O {[%clk 2:00:08]} 6. Nge2 {[%clk
1:55:50]} e5 {[%clk 1:57:53]} 7. g4 {[%clk 1:54:42]} exd4 {[%clk 1:57:34]} 8.
Bxd4 {[%clk 1:54:13]} Nc6 {[%clk 1:56:55]} 9. Be3 {[%clk 1:53:53]} b5 {[%clk
1:41:41]} 10. Bg2 {[%clk 1:50:31]} b4 {[%clk 1:34:32]} 11. Nd5 {[%clk 1:39:51]}
Nxd5 {[%clk 1:32:35]} 12. exd5 {[%clk 1:36:32]} Ne5 {[%clk 1:32:40]} 13. O-O
{[%clk 1:36:34]} Nc4 {[%clk 1:31:43]} 14. Bd4 {[%clk 1:36:06]} Nxb2 {[%clk
1:27:37]} 15. Qb1 {[%clk 1:35:32]} Na4 {[%clk 1:20:22]} 16. Qxb4 {[%clk 1:35:19]}
Bd7 {[%clk 1:20:01]} 17. Rfe1 {[%clk 1:31:23]} Re8 {[%clk 1:17:11]} 18. Qd2
{[%clk 1:25:29]} Qh4 {[%clk 1:06:29]} 19. Rab1 {[%clk 1:22:28]} Be5 {[%clk
0:51:24]} 20. Be3 {[%clk 1:12:20]} Qf6 {[%clk 0:45:40]} 21. Rb7 {[%clk 1:11:41]}
Nc5 {[%clk 0:43:10]} 22. Rbb1 {[%clk 1:05:46]} Na4 {[%clk 0:37:06]} 23. Bg5
{[%clk 1:03:09]} Qg7 {[%clk 0:32:22]} 24. Bh6 {[%clk 1:02:59]} Qf6 {[%clk
0:31:02]} 25. Bg5 {[%clk 1:01:52]} Qg7 {[%clk 0:31:12]} 26. Rb7 {[%clk 1:01:59]}
Nc5 {[%clk 0:24:59]} 27. Rxc7 {[%clk 1:00:57]} Bf6 {[%clk 0:24:28]} 28. Bh6
{[%clk 0:59:05]} Bc3 {[%clk 0:23:18]} 29. Nxc3 {[%clk 0:55:08]} Rxe1+ {[%clk
0:23:25]} 30. Qxe1 {[%clk 0:55:18]} Qxh6 {[%clk 0:23:34]} 31. Ne4 {[%clk
0:54:04]} Nxe4 {[%clk 0:21:32]} 32. Qxe4 {[%clk 0:51:49]} Qc1+ {[%clk 0:15:24]}
33. Kh2 {[%clk 0:51:45]} Bb5 {[%clk 0:14:05]} 34. Qb4 {[%clk 0:49:22]} Rb8 {[%clk
0:04:15]} 35. Qxd6 {[%clk 0:44:29]} Bf1 {[%clk 0:04:11]} 36. Rxf7 {[%clk
0:41:00]} 1-0

[Event "BPB Limburg Open - Group A"]
[Site "chess24.com"]
[Date "2016.05.16"]
[Round "7"]
[White "Kokje, Joris"]
[Black "Fridman, Daniel"]
[Result "0-1"]
[Board "7"]
[WhiteElo "2089"]
[WhiteCountry "NED"]
[WhiteFideId "1051024"]
[WhiteEloChange "-2"]
[BlackTitle "GM"]
[BlackElo "2614"]
[BlackCountry "GER"]
[BlackFideId "11600454"]
[BlackEloChange "1"]

1. d4 {[%clk 2:00:15]} e6 {[%clk 2:00:15]} 2. Nf3 {[%clk 2:00:15]} c5 {[%clk
2:00:15]} 3. g3 {[%clk 2:00:15]} cxd4 {[%clk 2:00:15]} 4. Nxd4 {[%clk 2:00:15]}
d5 {[%clk 2:00:15]} 5. Bg2 {[%clk 2:00:15]} Nf6 {[%clk 2:00:15]} 6. O-O {[%clk
2:00:15]} e5 {[%clk 2:00:15]} 7. Nf3 {[%clk 2:00:15]} Nc6 {[%clk 2:00:15]} 8. c4
{[%clk 2:00:15]} d4 {[%clk 2:00:15]} 9. e3 {[%clk 2:00:15]} Be7 {[%clk 2:00:15]}
10. exd4 {[%clk 2:00:15]} exd4 {[%clk 2:00:15]} 11. Qc2 {[%clk 2:00:15]} O-O
{[%clk 2:00:15]} 12. Rd1 {[%clk 2:00:15]} Bg4 {[%clk 2:00:15]} 13. Bf4 {[%clk
2:00:15]} Rc8 {[%clk 2:00:15]} 14. Nbd2 {[%clk 2:00:15]} Nh5 {[%clk 2:00:15]} 15.
Ne4 {[%clk 2:00:15]} Nxf4 {[%clk 2:00:15]} 16. gxf4 {[%clk 2:00:15]} Qc7 {[%clk
2:00:15]} 17. f5 {[%clk 2:00:15]} Qf4 {[%clk 2:00:15]} 18. f6 {[%clk 2:00:15]}
Bxf6 {[%clk 2:00:15]} 19. Nxf6+ {[%clk 2:00:15]} Qxf6 {[%clk 2:00:15]} 20. Qe4
{[%clk 2:00:15]} Bh5 {[%clk 2:00:15]} 21. Re1 {[%clk 2:00:15]} Rcd8 {[%clk
2:00:15]} 22. Rad1 {[%clk 2:00:15]} Rd7 {[%clk 2:00:15]} 23. Qe8 {[%clk 2:00:15]}
Re7 {[%clk 2:00:15]} 0-1

[Event "BPB Limburg Open - Group A"]
[Site "chess24.com"]
[Date "2016.05.16"]
[Round "7"]
[White "Feuerstack, Aljoscha"]
[Black "Ernst, Sipke"]
[Result "1-0"]
[Board "8"]
[WhiteTitle "IM"]
[WhiteElo "2452"]
[WhiteCountry "GER"]
[WhiteFideId "4681932"]
[WhiteEloChange "6"]
[BlackTitle "GM"]
[BlackElo "2543"]
[BlackCountry "NED"]
[BlackFideId "1004689"]
[BlackEloChange "-6"]

1. e4 {[%clk 2:00:27]} e5 {[%clk 2:00:03]} 2. Nf3 {[%clk 2:00:26]} Nc6 {[%clk
2:00:15]} 3. Bb5 {[%clk 2:00:16]} a6 {[%clk 2:00:28]} 4. Ba4 {[%clk 2:00:26]} Nf6
{[%clk 2:00:36]} 5. O-O {[%clk 2:00:35]} Be7 {[%clk 2:00:48]} 6. d3 {[%clk
2:00:45]} b5 {[%clk 2:01:00]} 7. Bb3 {[%clk 2:00:57]} d6 {[%clk 2:01:12]} 8. a3
{[%clk 2:01:05]} O-O {[%clk 2:01:25]} 9. Nc3 {[%clk 2:01:08]} Nb8 {[%clk
1:59:57]} 10. h3 {[%clk 1:49:51]} Nbd7 {[%clk 2:00:08]} 11. Be3 {[%clk 1:46:03]}
Bb7 {[%clk 2:00:08]} 12. Re1 {[%clk 1:43:57]} c5 {[%clk 1:59:59]} 13. Ne2 {[%clk
1:35:37]} d5 {[%clk 1:59:06]} 14. exd5 {[%clk 1:33:52]} Nxd5 {[%clk 1:59:08]} 15.
Bd2 {[%clk 1:20:39]} Bd6 {[%clk 1:55:11]} 16. Ng3 {[%clk 1:05:38]} Rc8 {[%clk
1:55:04]} 17. Ng5 {[%clk 0:57:08]} c4 {[%clk 1:51:43]} 18. dxc4 {[%clk 0:55:53]}
bxc4 {[%clk 1:51:54]} 19. Ba2 {[%clk 0:55:53]} Bb8 {[%clk 1:47:16]} 20. Nf5
{[%clk 0:43:24]} g6 {[%clk 1:44:34]} 21. Nh6+ {[%clk 0:34:35]} Kg7 {[%clk
1:44:43]} 22. Qe2 {[%clk 0:34:06]} Qf6 {[%clk 1:37:41]} 23. Qg4 {[%clk 0:27:30]}
Qc6 {[%clk 1:29:12]} 24. Qh4 {[%clk 0:27:08]} N7f6 {[%clk 1:27:20]} 25. Ng4
{[%clk 0:20:50]} Ne7 {[%clk 1:07:13]} 26. Nf3 {[%clk 0:18:57]} Nf5 {[%clk
0:59:08]} 27. Bh6+ {[%clk 0:13:02]} Nxh6 {[%clk 0:59:18]} 28. Qxh6+ {[%clk
0:13:15]} Kg8 {[%clk 0:59:18]} 29. Bxc4 {[%clk 0:07:02]} Nxg4 {[%clk 0:57:08]}
30. hxg4 {[%clk 0:07:14]} Qf6 {[%clk 0:55:13]} 31. Ng5 {[%clk 0:06:47]} Qg7
{[%clk 0:55:23]} 32. Qxg7+ {[%clk 0:06:58]} Kxg7 {[%clk 0:55:36]} 33. Bb3 {[%clk
0:06:43]} h6 {[%clk 0:55:02]} 34. Nf3 {[%clk 0:06:47]} Rce8 {[%clk 0:53:38]} 35.
Rad1 {[%clk 0:05:48]} Bc8 {[%clk 0:53:47]} 36. g5 {[%clk 0:05:37]} e4 {[%clk
0:51:22]} 37. gxh6+ {[%clk 0:05:49]} Kxh6 {[%clk 0:51:34]} 38. Nd4 {[%clk
0:05:28]} Bb7 {[%clk 0:47:00]} 39. Ba4 {[%clk 0:05:39]} Rc8 {[%clk 0:47:10]} 40.
c3 {[%clk 0:05:51]} Kg7 {[%clk 0:44:18]} 41. f3 {[%clk 0:04:48]} exf3 {[%clk
0:42:02]} 42. Re7 {[%clk 0:04:51]} Ba8 {[%clk 0:40:10]} 43. Nxf3 {[%clk 0:04:55]}
Kf6 {[%clk 0:38:47]} 44. Red7 {[%clk 0:04:06]} Rc4 {[%clk 0:37:59]} 45. R1d4
{[%clk 0:03:56]} Rxd4 {[%clk 0:37:46]} 46. Nxd4 {[%clk 0:04:10]} Bf4 {[%clk
0:35:11]} 47. Kf2 {[%clk 0:03:49]} Bc1 {[%clk 0:34:58]} 48. b4 {[%clk 0:03:32]}
a5 {[%clk 0:31:31]} 49. Nb3 {[%clk 0:03:19]} Bxa3 {[%clk 0:31:21]} 50. Nxa5
{[%clk 0:03:33]} Rc8 {[%clk 0:31:30]} 51. Rd3 {[%clk 0:03:09]} Bb2 {[%clk
0:31:01]} 52. c4 {[%clk 0:03:08]} Be4 {[%clk 0:31:13]} 53. Rd6+ {[%clk 0:02:55]}
Ke5 {[%clk 0:31:23]} 54. c5 {[%clk 0:02:51]} Bd4+ {[%clk 0:30:45]} 55. Kg3 {[%clk
0:03:01]} Bd5 {[%clk 0:29:03]} 56. Nc6+ {[%clk 0:03:07]} Bxc6 {[%clk 0:29:09]}
57. Bxc6 {[%clk 0:03:21]} Bc3 {[%clk 0:24:31]} 58. b5 {[%clk 0:03:34]} g5 {[%clk
0:21:05]} 59. Kf3 {[%clk 0:02:39]} f5 {[%clk 0:20:56]} 60. b6 {[%clk 0:02:05]}
Bb4 {[%clk 0:19:49]} 61. Ke2 {[%clk 0:01:52]} Rb8 {[%clk 0:19:48]} 62. b7 {[%clk
0:01:46]} g4 {[%clk 0:18:24]} 63. Kd3 {[%clk 0:01:56]} Ba5 {[%clk 0:18:26]} 64.
Kc4 {[%clk 0:02:05]} Kf4 {[%clk 0:13:11]} 65. Rd7 {[%clk 0:01:55]} Kg3 {[%clk
0:13:11]} 66. Kb5 {[%clk 0:02:05]} Bc3 {[%clk 0:13:03]} 67. Rd3+ {[%clk 0:02:17]}
1-0

[Event "BPB Limburg Open - Group A"]
[Site "chess24.com"]
[Date "2016.05.16"]
[Round "7"]
[White "Janssen, Ruud"]
[Black "Collins, Sam E."]
[Result "1/2-1/2"]
[Board "9"]
[WhiteTitle "GM"]
[WhiteElo "2508"]
[WhiteCountry "NED"]
[WhiteFideId "1004816"]
[WhiteEloChange "-1"]
[BlackTitle "IM"]
[BlackElo "2439"]
[BlackCountry "IRL"]
[BlackFideId "2501198"]
[BlackEloChange "1"]

1. c4 {[%clk 1:59:57]} Nf6 {[%clk 1:57:12]} 2. Nc3 {[%clk 1:59:59]} e5 {[%clk
1:57:13]} 3. Nf3 {[%clk 1:59:58]} Nc6 {[%clk 1:57:15]} 4. g3 {[%clk 2:00:02]} d5
{[%clk 1:57:14]} 5. cxd5 {[%clk 1:59:54]} Nxd5 {[%clk 1:57:23]} 6. Bg2 {[%clk
1:59:43]} Nb6 {[%clk 1:57:23]} 7. O-O {[%clk 1:59:34]} Be7 {[%clk 1:57:17]} 8. d3
{[%clk 1:58:55]} O-O {[%clk 1:56:41]} 9. a3 {[%clk 1:57:35]} Be6 {[%clk 1:55:32]}
10. b4 {[%clk 1:57:15]} f6 {[%clk 1:55:02]} 11. Ne4 {[%clk 1:52:54]} a5 {[%clk
1:45:52]} 12. Nc5 {[%clk 1:47:19]} Bxc5 {[%clk 1:44:16]} 13. bxc5 {[%clk
1:47:31]} Nd5 {[%clk 1:43:46]} 14. Qc2 {[%clk 1:41:01]} a4 {[%clk 1:39:16]} 15.
Rb1 {[%clk 1:36:56]} Ra7 {[%clk 1:38:46]} 16. e3 {[%clk 1:05:09]} Qd7 {[%clk
1:33:21]} 17. Rd1 {[%clk 1:00:02]} Rd8 {[%clk 1:31:49]} 18. Bb2 {[%clk 0:41:12]}
Nde7 {[%clk 1:28:35]} 19. Rd2 {[%clk 0:37:36]} Bb3 {[%clk 1:26:50]} 20. Qc3
{[%clk 0:36:45]} Ba2 {[%clk 1:24:28]} 21. Ra1 {[%clk 0:33:48]} Be6 {[%clk
1:23:50]} 22. Rb1 {[%clk 0:30:00]} Ba2 {[%clk 1:23:35]} 23. Re1 {[%clk 0:25:09]}
Be6 {[%clk 1:21:47]} 24. h4 {[%clk 0:23:25]} Ra5 {[%clk 1:17:51]} 25. h5 {[%clk
0:22:53]} Rb5 {[%clk 1:17:37]} 26. Qc2 {[%clk 0:21:44]} Bb3 {[%clk 1:16:39]} 27.
Qc1 {[%clk 0:21:38]} Bf7 {[%clk 1:13:29]} 28. h6 {[%clk 0:19:41]} gxh6 {[%clk
1:12:48]} 29. d4 {[%clk 0:15:07]} e4 {[%clk 0:55:44]} 30. Nh4 {[%clk 0:15:21]}
Na5 {[%clk 0:55:06]} 31. Rc2 {[%clk 0:10:16]} Nb3 {[%clk 0:51:16]} 32. Qb1 {[%clk
0:07:52]} Qg4 {[%clk 0:46:30]} 33. Kh2 {[%clk 0:06:45]} Bd5 {[%clk 0:45:37]} 34.
Qd1 {[%clk 0:06:24]} Qxd1 {[%clk 0:41:50]} 35. Rxd1 {[%clk 0:06:38]} Ra5 {[%clk
0:41:48]} 36. Bh3 {[%clk 0:05:53]} Raa8 {[%clk 0:40:52]} 37. Bc3 {[%clk 0:05:23]}
Na5 {[%clk 0:39:37]} 38. Bxa5 {[%clk 0:05:17]} Rxa5 {[%clk 0:39:46]} 39. Rb2
{[%clk 0:05:03]} Kf7 {[%clk 0:38:14]} 40. Rdb1 {[%clk 0:04:39]} Ra7 {[%clk
0:37:34]} 41. Bg4 {[%clk 0:03:55]} Rb8 {[%clk 0:35:16]} 42. Bh5+ {[%clk 0:04:04]}
Kg7 {[%clk 0:35:18]} 43. Bg4 {[%clk 0:04:09]} Kf7 {[%clk 0:35:28]} 44. Bh5+
{[%clk 0:04:22]} Kg7 {[%clk 0:35:37]} 45. Bd1 {[%clk 0:04:07]} Bc6 {[%clk
0:35:08]} 46. Bg4 {[%clk 0:03:43]} Bd5 {[%clk 0:35:08]} 47. Be2 {[%clk 0:03:37]}
Bb3 {[%clk 0:34:40]} 48. Bg4 {[%clk 0:03:07]} Bd5 {[%clk 0:34:46]} 49. Bh5 {[%clk
0:02:53]} Be6 {[%clk 0:34:18]} 50. Be2 {[%clk 0:02:38]} Bd5 {[%clk 0:34:11]} 51.
Bg4 {[%clk 0:02:20]} Kf7 {[%clk 0:32:45]} 52. Bh5+ {[%clk 0:02:33]} 1/2-1/2